| 000 | 01162nam a22002415i 4500 | ||
|---|---|---|---|
| 001 | 155809 | ||
| 003 | ES-MaACL | ||
| 005 | 20250727024452.0 | ||
| 008 | 001108s1868 fr a |||| | fre d | ||
| 040 |
_aCCPB | B _bspa _cCCPB | B |
||
| 100 | 1 |
_aHuxley, Thomas Henry. _964863 |
|
| 245 | 1 | 0 |
_aDe la place de l'homme dans la nature / _cpar Th. H. Huxley ; traduit, annoté, précédé d'une introduction et suivi d'un compte rendu des travaux anthropologiques du Congrès International d'Anthropologie et d'Archéologie Préhistoriques tenu a Paris (Sesion de 1867) par E. Dally ; avec une préface de l'auteur pour l'édition française. |
| 260 |
_aParis : _bJ.B. Baillière et Fils, _c1868 ( _fImp. Simon Raçon et Comp.) |
||
| 300 |
_aXX, 368 p. : _bil. ; _c23 cm. |
||
| 599 | 1 | _aLas il. son dib. de simios y cráneos. | |
| 650 | 7 |
_aAntropología física _2embne _99893 |
|
| 700 | 1 |
_aDally, E. _9126691 |
|
| 711 | 2 | 1 |
_aCongrès International d´Anthropologie et d´Archéologie Préhistoriques ( _d1867. _cParís) _9135114 |
| 852 |
_aES-MaACL _jD-5007 _z-- Enc. hol. |
||
| 852 |
_aES-MaACL _jG-9980 |
||
| 999 |
_c155809 _d155809 |
||